[Event "FRA-ch U12 Girls"]
[Site "Hyeres"]
[Date "2019.04.21"]
[Round "9"]
[White "Sivasankaran, Sansita"]
[Black "Albrizio Maffre, Eve"]
[Result "1-0"]
[WhiteElo "1454"]
[BlackElo "1328"]
[PlyCount "93"]
[EventDate "2019.04.14"]
[EventType "swiss"]
[EventRounds "9"]
[EventCountry "FRA"]
[SourceTitle "CBM 190 Extra"]
[Source "ChessBase"]
[SourceDate "2019.07.15"]
[SourceVersion "1"]
[SourceVersionDate "2019.07.15"]
[SourceQuality "1"]

1. Nf3 Nf6 2. g3 d5 3. d4 g6 4. Bg2 Bg7 5. 0-0 c5 6. c3 0-0 7. dxc5 Qc7 8. b4 a5 9. Bb2 Nc6 10. a3 Be6 11. Nd4 Ne5 12. Nxe6 fxe6 13. Nd2 Rfd8 14. Qb3 b6 15. cxb6 Qxb6 16. c4 Nc6 17. cxd5 exd5 18. Bxf6 Bxf6 19. Bxd5+ Kf8 20. Rac1 Nd4 21. Qc4 Nxe2+ 22. Qxe2 Rxd5 23. Nc4 Qb5 24. Qf3 Rad8 25. Nxa5 Rd3 26. Qc6 Qxc6 27. Nxc6 Ra8 28. b5 Bd4 29. Nxd4 Rxd4 30. Rb1 Rxa3 31. b6 Ra8 32. b7 Rb8 33. Rb2 Rd7 34. Rfb1 Kf7 35. Kg2 Kf6 36. f4 Kf5 37. h3 Rd5 38. Rb5 e6 39. Kf3 g5 40. fxg5 Kxg5 41. Ke4 Kf6 42. Rxd5 exd5+ 43. Kxd5 Ke7 44. Kc6 Kd8 45. Rd1+ Ke7 46. Kc7 Rxb7+ 47. Kxb7 1-0